Quiz über die Stadt Bonn - Statistiken

Allgemein
  • Dieses Quiz wurde 143 mal gespielt
  • Das Durchschnittsergebnis liegt bei 10 aus 18
Antwortstatistiken
Hint Antwort % Korrekt
Hauptfluss Rhein
100%
Dieser Komponist der Mondscheinsonate wurde in Bonn geboren Ludwig van Beethoven
88%
Europas größtes Telekommunikationsunternehmen, welches seinen Sitz in Bonn hat Telekom
78%
Höchstes Gebäude in Deutschland außerhalb von Frankfurt, Zentrale der Deutschen Post Post Tower
68%
Bonn war 1597-1794 Sitz dieses Kurfürstentums. Tipp: es kam ursprünglich aus einer noch größeren rheinischen Stadt. Kurfürstentum Köln
67%
Stadtbezirk, früher Sitz vieler Botschaften und bis 1969 eigenständige Stadt. Hier verabschiedete die SPD 1959 ein Parteiprogramm, mit dem sie sich vom Sozialismus abwandte. Bad Godesberg
63%
Tier, das auf dem Stadtwappen zu sehen ist Löwe
63%
Museum, welches sich mit der deutschen Nachkriegsgeschichte auseinandersetzt Haus der Geschichte
58%
Obwohl Bonn nicht mehr Hauptstadt und Regierungssitz ist, haben immer noch viele Ministerien und andere Behörden ihren (Haupt-)Sitz dort. Welche Bezeichnung trägt dem Rechnung? Bundesstadt
51%
Nach welchem preußischen König ist die Universität benannt? Friedrich Wilhelm III.
51%
Obiges Gebäude ist heute Teil des "Campus" welcher internationalen Organisation? Vereinte Nationen
49%
Diese Stadt schien als Schauplatz der Nationalversammlung von 1848 prädestiniert als Regierungssitz nach dem 2. Weltkrieg, unterlag jedoch Bonn Frankfurt am Main
48%
Ursprünglich japanischer Baum, dessen Erblühen jedes Frühjahr Touristen anzieht Kirschbaum
45%
Früheres Bürohaus für Bundestagsmitglieder, benannt nach dem (klein gebauten) ehemaligen Bundestagspräsidenten Eugen Gerstenmeier Langer Eugen
40%
Wie alle rechtsrheinischen Gebiete liegt Beuel aus linker Sicht auf der "falschen Seite" oder im lokalen Dialekt... schäl Sick
40%
Römischer Name Bonna
32%
Was bedeutet der Name Pützchen (heute Teil von Pützchen-Bechlinghoven)? Tipp: Die heilige Adelheid soll hier ihren Stab aufgeschlagen und eine Dürre abgemildert haben Brunnen
14%
Skulptur eines Männchens, welches den Bewohnern von Beuel den Hintern ausstreckt, da diese sich nicht am Bau einer Rheinbrücke beteiligen wollten Brückenmännchen | Bröckemännsche
10%
Keine übereinstimmenden Quizze gefunden
Verteilung der Resultate
Anzahl Personen mit jedem Resultat
Perzentil nach korrekt beantworteten Fragen
Ihre Resultats-Entwicklung
Sie haben dieses Quiz noch nicht gespielt